000 00284 a2200121 4500
001 57669
082 _a80305
090 _c35350
_d35350
100 _a Delmar
245 _aElectricity can kill [ video cassette]
260 _bDelmer thomson learning
500 _aCD/DVD video cassette
942 _aNUST-CAE
_k80305
999 _c292742
_d292742